00796nam a2200193 a 450000100100000000500170001000800410002702000180006804000250008610000280011124500460013926000390018530000210022459000250024595201050027095201050037595201050048099900170058500004758420201002060624.0180704s2017 dr 000 spa d a9789945609233 aDO-SdBNPbspacBNPHU1 aMercedes, Carlos975227 0aDiario del aprendiz. /cCalrlos Mercedes. aSanto Domingo :bSantuario,c2017. a107 p. ;c24 cm. aInventariado,2018/DG 0010718PDaGRbGRcHDd2018-07-04iLF1l0o p47584-30r2020-06-25w2020-06-25yLFPDZNo se presta 0010718PDaPDbPDcHDd2018-07-04iLF1l0o p47584-10r2020-06-25w2020-06-25yLFPDZNo se presta 0010718PDaPDbPDcHDd2018-07-04iLF1l0o p47584-20r2020-06-25w2020-06-25yLFPDZNo se presta c47072d47072